Questo bimbo a chi lo do (Record n. 336572)
[ formato base ]
| 000 -LEADER | |
|---|---|
| campo di controllo lung. fissa | nam a22 7a 4500 |
| 003 - Identificatore del numero di controllo | |
| campo di controllo | IT-MiCISF |
| 005 - Data e orario dell'ultima transazione | |
| campo di controllo | 20170403173535.0 |
| 008 - Elementi di lunghezza fissa--Informazione generale | |
| campo di controllo lung. fissa | 170403b xxu||||| |||| 00| 0 eng d |
| 040 ## - Fonte della catalogazione | |
| Agenzia che fa la trascrizione | IT-MiCISF |
| 041 ## - Codice di lingua | |
| Codice di lingua del testo/traccia sonora o titolo separato | it |
| 100 ## - Accesso principale -- nome di persona | |
| Nome di persona | Gaiani Serena |
| 9 (RLIN) | 56344 |
| 245 ## - Formulazione del titolo | |
| Titolo | Questo bimbo a chi lo do |
| Complemento del titolo | Asilo nido, nonni, babysitter... |
| 260 ## - Pubblicazione, distribuzione, ecc. (stampa) | |
| Luogo di pubblicazione, distribuzione, ecc. | Cinisello B. (MI) |
| Nome dell'editore, distributore, ecc. | San Paolo |
| Data di pubblicazione, distribuzione, ecc. | 2006 |
| 300 ## - Descrizione fisica | |
| Estensione | pp. 125 |
| 500 ## - Nota generale | |
| Nota generale | genitorialità, educazione-bambini, crescita-bambini, servizi-infanzia, rapporti-nonni-nipoti, operatori |
| 520 ## - Riassunto, ecc. | |
| Nota di riassunto, ecc. | A chi affidare il proprio bambino? È la domanda che solitamente precede il reinserimento lavorativo della madre, o che si fa avanti quando gli impegni di tutti i giorni pongono i genitori nella condizione di rivolgersi a qualcuno altro che non siano loro stessi per la cura e la crescita del proprio figlio. Alla nonna? Alla suocera? All'asilo nido? E quale asilo nido? Alla tata (o baby-sitter)? A una ragazza alla pari? A una badante extracomunitaria?... A volte la scelta è possibile, ma molte volte la scelta è obbligata. Questo volume intende allora discutere quali sono i pro e i contro di ciascuna di queste scelte, e di come incidono sull'educazione del bambino, sulla relazione di coppia e sulla vita della famiglia. |
| 650 ## - Accesso aggiunto di soggetto--termine topico | |
| Termine topico o nome geografico come accesso | età-evolutiva |
| 9 (RLIN) | 56123 |
| 654 ## - Accesso aggiunto di soggetto--termini topici faccettati | |
| Termine principale | saggio |
| 942 ## - Dati aggiuntivi (Koha) | |
| Fonte della classificazione o dello schema di collocazione (segnatura) | Dewey Decimal Classification |
| Tipo copia default (Koha) | LIBRO |
| Ritirato (status) | Perso (status) | Fonte della classificazione o dello schema di collocazione (segnatura) | Danneggiato (status) | Non per il presito | Biblioteca proprietaria | Biblioteca in cui si trova | Data d'acquisizione | Totale prestiti | Collocazione | Data ultima operazione | Prezzo in vigore dal | Tipo copia default (Koha) |
|---|---|---|---|---|---|---|---|---|---|---|---|---|
| Dewey Decimal Classification | Buone Condizioni | Not For Loan | CISF - Milano | CISF - Milano | 03/04/2017 | a2139 | 03/04/2017 | 03/04/2017 | LIBRO |